000 00385nam a2200145Ia 4500
008 221031s9999||||xx |||||||||||||| ||und||
020 _a8175230134
082 _a242
_bYog/C
100 _aYogi, Maharishi Mahesh
245 0 _aCelibrating Perfection in Education
250 _a2nd Edition
260 _aIndia
_bAge of Enlightenment Publications
_c1997
300 _a196p
942 _cCB
999 _c38361
_d38361